Γενική εφημερίδα της Ελλάδος : του 1829 έτους εκ της εθνικής τυπογραφίας
Saved in:
| Format: | Book |
|---|---|
| Language: | Greek |
| Published: |
Αθήνα :
Βοβλιοπωλείο Διονυσίου Νότη Καραβία,
1993
|
| Series: | Βιβλιοθήκη ιστορικών μελετών
|
| Subjects: | |
| Tags: |
Add Tag
No Tags, Be the first to tag this record!
|
MARC
| LEADER | 00000nam a2200000 i 4500 | ||
|---|---|---|---|
| 001 | 1/6527 | ||
| 008 | 960709s1993 gre d | ||
| 020 | |a 960-258-032-1 | ||
| 035 | |l 10016384 | ||
| 040 | |a GR-MY-UA |b gre |e aacr | ||
| 041 | 0 | |a gre | |
| 082 | 0 | |a 059.89 | |
| 245 | 1 | 0 | |a Γενική εφημερίδα της Ελλάδος : |b του 1829 έτους εκ της εθνικής τυπογραφίας |
| 260 | |a Αθήνα : |b Βοβλιοπωλείο Διονυσίου Νότη Καραβία, |c 1993 | ||
| 300 | |a 352 σ. | ||
| 490 | 1 | |a Βιβλιοθήκη ιστορικών μελετών |v ; 253 | |
| 650 | 0 | 0 | |a Greek newspapers. |
| 830 | 0 | |a Βιβλιοθήκη ιστορικών μελετών | |
| 852 | |a INST |b LESVOS |e 19960709 |h 059.89 ΓΕΝ |p 005100009674 |q 005100009674 |t BK |y 0 | ||
| 909 | |a Λ |b 044591 | ||